Los judeoconversos en España y América

Saved in:
Bibliographic Details
Main Author: Domínguez Ortíz, Antonio (Author)
Format: Book
Language:Spanish
Published: Madrid Istmo 1978
Series:Colección Fundamentos, 11
Subjects:
Tags: Add Tag
No Tags, Be the first to tag this record!

MARC

LEADER 00000nam a2200000 a 4500
001 UCZ9119
003 CL-VaPUC
008 960301e19780000SP |||||||||||||||||spa|d
082 0 4 |a 946  |b DOM  |2 21 
100 0 |a Domínguez Ortíz, Antonio  |e author  |9 354345 
245 1 4 |a Los judeoconversos en España y América 
300 |a 224 p 
942 |c BK 
945 |d 19960301 00:00:00  |a rleighto 
260 |a Madrid  |b Istmo  |c 1978 
650 0 |a Historia  |9 255047 
650 0 |a Personas no religiosas  |9 349308 
650 7 |a CULTURAS  |2 CL-VaPUC  |9 354346 
651 0 |a España  |9 254926 
651 0 |a América  |9 255182 
583 |a last modification  |c 19960301 00:00:00  |k Rodrigo Vera 
490 0 |a Colección Fundamentos, 11 
999 |c 244702  |d 244700 
952 |0 0  |1 0  |4 0  |6 946_000000000000000_DOM_1978  |7 0  |8 A  |9 258868  |a BIBHIS  |b BIBHIS  |d 2019-11-19  |i 3173445  |o 946 DOM 1978  |p 3173445  |r 2025-01-20  |w 2019-11-19  |y BK  |k HIS